banner koha

Germinação e dormência de sementes de Cassia fistula L. (Registro n. 299039)

MARC details
000 -LÍDER
fixed length control field 01048nab a2200301 4500
003 - CÓDIGO MARC DA AGÊNCIA CATALOGADORA
Campo de controle BR-BrBNA
005 - DATA E HORA DA ÚLTIMA ATUALIZAÇÃO
Campo de controle 20240402174750.0
008 - CAMPO DE TAMANHO FIXO
fixed length control field 240402b bl.||||| |||| 00| 0 por d
040 ## - FONTE DA CATALOGAÇÃO
Agência catalogadora BR-BrBNA
Idioma da catalogação por
072 ## - CATEGORIA AGRIS
Código AGRIS K10
Código do objeto 3575
100 ## - ENTRADA PRINCIPAL - NOME PESSOAL
Nome pessoal Lopes, José Carlos
100 ## - ENTRADA PRINCIPAL - NOME PESSOAL
Nome pessoal Silva, Gilson Fernandes da
100 ## - ENTRADA PRINCIPAL - NOME PESSOAL
Nome pessoal Posse, Sheila Cristina Prucoli
100 ## - ENTRADA PRINCIPAL - NOME PESSOAL
Nome pessoal Ruy, Jacildo
245 ## - TÍTULO PRINCIPAL
Título principal Germinação e dormência de sementes de Cassia fistula L.
Subtítulo Pesquisa
500 ## - NOTA GERAL
Nota geral Summaries (eng, por); 18 ref.; 1 illus.; 4 tables
942 ## - ADDED ENTRY ELEMENTS (KOHA)
Koha item type
650 ## - ASSUNTO - THESAGRO
Cabeçalho tópico ou nome geográfico CASSIA FISTULA
650 ## - ASSUNTO - THESAGRO
Cabeçalho tópico ou nome geográfico ÁRVORE
650 ## - ASSUNTO - THESAGRO
Cabeçalho tópico ou nome geográfico SEMENTE
650 ## - ASSUNTO - THESAGRO
Cabeçalho tópico ou nome geográfico GERMINAÇÃO
650 ## - ASSUNTO - THESAGRO
Cabeçalho tópico ou nome geográfico DORMÊNCIA DE SEMENTE
650 ## - ASSUNTO - THESAGRO
Cabeçalho tópico ou nome geográfico QUEBRA DA DORMÊNCIA
650 ## - ASSUNTO - THESAGRO
Cabeçalho tópico ou nome geográfico TRATAMENTO DE SEMENTE
650 ## - ASSUNTO - THESAGRO
Cabeçalho tópico ou nome geográfico ESCARIFICAÇÃO DE SEMENTE
773 0# - ENTRADA ANALÍTICA
Host Biblionumber 1357
Registro do item 4684
Imprenta Brasília-DF Instituto Brasileiro de Desenvolvimento Florestal 1970
Outro identificador 2023-07828
Título Brasil Florestal (Brazil)
ISSN 0045-270X
Colação v. 22(78) p. 67-74; (Dec 2003)
Número de controle de registro BR2024000541

Nenhum exemplar disponível.

BINAGRI

Telefone: (61)3218-2567/2388/3357/2097 - binagri@agro.gov.br

Ministério da Agricultura e Pecuária , Esplanada dos Ministérios, Bloco D, Anexo B, Brasília/DF, CEP: 70.043-900